• 首页
  • 本馆介绍
  • 公告通知
  • 最新文献
  • 馆藏检索
  • 电子资源
  • 读者导购
  • 参考咨询
  • 我的图书馆
  • 登录
  • 详细信息显示
  • 放入我的书架
  • 预约/预借图书
  • 作者相关作品
  • 分类相关作品
  • 丛书相关作品
  • 出版社相关作品

书目信息

  • 表格格式
  • 工作单格式
  • 卡片格式
题名:
国际法基础
    
 
作者: 寺泽一 , 山本草二 主编 ;朱奇武 译
分册:  
出版信息: 北京   中国人民大学出版社  1983
页数: 506页
开本: 20cm
丛书名:
单 册:
中图分类: D990
科图分类:
主题词: 国际法
电子资源:
ISBN:
000 00681nam0 2200241 45
001 0183004512
005 20061101150749.82
010    @dCNY1.65
091    @a6011.127
100    @a19960215d1983 em y0chiy0121 ea
101 1  @achi@cjpn
102    @aCN@b110000
105    @ay zn 000yy
200 10 @a国际法基础@Aguo ji fa ji chu@f(日)寺泽一,(日)山本草二主编@F(Ri)Si Ze Yi,(Ri)Shan Ben Cao Er Zhu Bian@g朱奇武等译
210    @a北京@c中国人民大学出版社@d1983
215    @a506页@d20cm
606 0  @a国际法
690    @aD990@v3
701  0 @a寺泽一@4主编
701  0 @a山本草二@4主编
702  0 @a朱奇武@Azhu qi wu@4译
801  0 @aCN@bNLC@c20061101
905    @dD990@e13@f1@b87508
    
    国际法基础/(日)寺泽一,(日)山本草二主编/朱奇武等译.-北京:中国人民大学出版社,1983
    506页;20cm
    
    
    ISBN :CNY1.65
    
●
相关链接 在E读中查询图书 在五车中查询图书 在当当中查询图书 在豆瓣中查询图书


正题名:国际法基础     索取号:D990/13         预约/预借

序号 登录号 条形码 馆藏地/架位号 状态 备注
1 0087507   001258285   密集书库/ [索取号:D990/13] 在馆    
2 0087508   001258267   密集书库/ [索取号:D990/13] 在馆    
3 0115098   001258276   密集书库/ [索取号:D990/13] 在馆    
4 0115099   001258294   密集书库/ [索取号:D990/13] 在馆    
5 0115100   0012582581   第一样本阅览室/ [索取号:D990/13] 在馆    
唐山师范学院图书馆 欢迎您!
大连网信软件有限公司© 版权所有